Academic's dictionary of Mathematics / (Record no. 25527)
[ view plain ]
| 000 -LEADER | |
|---|---|
| fixed length control field | 00474nam a22001697a 4500 |
| 005 - DATE AND TIME OF LATEST TRANSACTION | |
| control field | 20140310183627.0 |
| 008 - FIXED-LENGTH DATA ELEMENTS--GENERAL INFORMATION | |
| fixed length control field | 131025b xxu||||| |||| 00| 0 eng d |
| 020 ## - INTERNATIONAL STANDARD BOOK NUMBER | |
| International Standard Book Number | 9788185185286 |
| 020 ## - INTERNATIONAL STANDARD BOOK NUMBER | |
| International Standard Book Number | 818518528X |
| 050 ## - LIBRARY OF CONGRESS CALL NUMBER | |
| Classification number | QA 5 |
| Item number | .J24 2003 |
| 100 ## - MAIN ENTRY--PERSONAL NAME | |
| Personal name | Jaggi, V.P. |
| 245 ## - TITLE STATEMENT | |
| Title | Academic's dictionary of Mathematics / |
| Statement of responsibility, etc | V.P. Jaggi. |
| 260 ## - PUBLICATION, DISTRIBUTION, ETC. (IMPRINT) | |
| Place of publication, distribution, etc | New Delhi : |
| Name of publisher, distributor, etc | Academic (India) Publishers, |
| Date of publication, distribution, etc | 2003. |
| 300 ## - PHYSICAL DESCRIPTION | |
| Extent | 396 p. : |
| Other physical details | ill. ; |
| Dimensions | 22 cm. |
| 942 ## - ADDED ENTRY ELEMENTS (KOHA) | |
| Source of classification or shelving scheme | Library of Congress Classification |
| Koha item type | Books |
| Withdrawn status | Lost status | Source of classification or shelving scheme | Damaged status | Home library | Current library | Shelving location | Date acquired | Total Checkouts | Full call number | Barcode | Date last seen | Copy number | Price effective from | Koha item type |
|---|---|---|---|---|---|---|---|---|---|---|---|---|---|---|
| Library of Congress Classification | College Library | College Library | Reference Section | 10/25/2013 | QA 5 .J24 2003 | C3980 | 05/15/2018 | 1 | 11/14/2013 | Books |